[Event "Høstturneringen 2019"]
[Site "Ås, Akershus NOR"]
[Date "2019.08.29"]
[Round "1"]
[White "Lea, Per"]
[Black "Aamodt, Peder Marcus"]
[Result "1-0"]
[WhiteElo "1753"]
[BlackElo "1481"]
[Annotator "Aamodt, Peder Marcus"]
[PlyCount "79"]
[EventDate "2019.08.29"]

1. d4 {ett overraskende trekk allerede her. (Som de fleste vet spiller Per 1.
e4)} Nf6 2. Bf4 d5 3. Nf3 e6 4. e3 Bd6 5. Bg3 c5 6. c3 Nc6 7. Nbd2 a6 8. a4 {
Alt dette er spilt før} O-O 9. dxc5 $146 {dette trekket er aldri spilt før i
chessbase databasen} (9. Bd3 {er det eneste som har blitt spilt før}) 9... Bxc5
10. b4 $6 {gir meg en liten fordel} Bd6 11. b5 {går over i en veldig forsert
variant} axb5 12. axb5 Rxa1 13. Qxa1 Bxg3 {det er mulig å flytte springeren
først} (13... Ne7 {er det Stockfish mener er det beste}) 14. hxg3 Qa5 15. Qxa5
Nxa5 16. c4 dxc4 17. Nxc4 Nxc4 18. Bxc4 Bd7 19. Ne5 {jeg tenkte at dette
trekket er veldig tvilsomt men det funker så vidt for hvit} Rc8 20. Rh4 g5 21.
Rd4 (21. Nxd7 $1 {funker, men det blir en død remis} Nxd7 (21... gxh4 $2 22.
Nxf6+ Kg7 23. Nh5+ Kh6 {poenget er at du har...} 24. Be2) 22. Rd4) 21... Be8 {
et viktig trekk som ikke er så lett å se, for man tenker kanskje at det funker
med noe som Tc5} (21... Rc5 22. Nxd7 Nxd7 23. Rxd7 Rxc4 24. Rxb7 {med vunnet
stilling}) 22. Ke2 Nd5 $6 {det ser bra ut for svart men det funker ikke helt}
23. Bxd5 exd5 24. Rxd5 Rc2+ 25. Kf3 Rb2 26. Rd8 Kf8 27. Nc4 Rxb5 $4 {
Irriterende at det er mulig å slå på e8 og at det er det eneste som funker
samt det eneste du glemmer å regne på} (27... Rb4 $1 {er faktisk remis!} 28.
Nd6 g4+ $1 29. Ke2 Rb2+ 30. Kd3 (30. Ke1 Rb1+ 31. Kd2 Ke7 32. Rxe8+ Kxd6 33.
Rh8 Rxb5 34. Rxh7 Rb2+ 35. Ke1 Rb1+ 36. Ke2 Rb2+ 37. Kd3 Rxf2 38. Rg7 f5 39. e4
{og det her er remis}) 30... Ke7 31. Rxe8+ Kxd6 {med remis}) 28. Rxe8+ $1 {
kjedelig å overse...} Kg7 (28... Kxe8 29. Nd6+) 29. Re5 Rb4 30. Rxg5+ Kf6 31.
Rg4 b5 32. Rf4+ Ke6 33. Ne5 Rb2 34. Nxf7 Kd5 35. Rf5+ Ke6 36. g4 Ke7 37. Ne5 b4
38. Nc6+ Ke8 39. Rb5 b3 40. Nd4 1-0

[Event "Høstturneringen 2019"]
[Site "Ås, Akershus NOR"]
[Date "2019.08.29"]
[Round "1"]
[White "Samset, Jon"]
[Black "Andersen, Odd"]
[Result "0-1"]
[WhiteElo "1386"]
[BlackElo "1745"]
[PlyCount "116"]
[EventDate "2019.08.29"]

1. e4 c6 2. Bc4 d5 3. exd5 cxd5 4. Bb3 Nf6 5. Nf3 Bg4 6. d4 e6 7. Bg5 Bd6 8.
Qd3 a6 9. Nc3 Nbd7 10. O-O-O b5 11. Rde1 O-O 12. h4 h5 13. Ne5 Bf5 14. Qd1 Qc7
15. Nxd7 Nxd7 16. Qxh5 Rac8 17. Qf3 Nb6 18. Re2 Bh7 19. h5 f6 20. Bh4 Qd7 21.
Bg3 Bb4 22. h6 g5 23. Nd1 a5 24. c3 a4 25. Bc2 Bxc2 26. Rxc2 Bd6 27. Qh5 Bxg3
28. h7+ Kh8 29. fxg3 Qf7 30. Qe2 Nc4 31. Nf2 Nd6 32. Ng4 Qd7 33. Rh6 Ne4 34.
Qf3 Qg7 35. Rh2 Rc7 36. Qd3 Qd7 37. a3 Rf7 38. Rh6 Rc8 39. Qf1 Rb8 40. Qf3 Rbf8
41. Re2 Rxh7 42. Rxh7+ Kxh7 43. Re1 Kg7 44. Ne3 Rh8 45. g4 Qc7 46. Nc2 Rh4 47.
Rg1 Qf4+ 48. Ne3 Qc7 49. Nc2 Kg6 50. Nb4 Qf4+ 51. Qxf4 gxf4 52. Nd3 Rxg4 53.
Nc5 Kf5 54. Nb7 f3 55. Rf1 f2 56. Nc5 Rxg2 57. Kd1 Ng3 58. Nd3 Nxf1 0-1

[Event "Høstturneringen 2019"]
[Site "Ås, Akershus NOR"]
[Date "2019.08.29"]
[Round "1"]
[White "Kielland-Lund, Jon"]
[Black "Skaret, Runar"]
[Result "1-0"]
[WhiteElo "1694"]
[BlackElo "1310"]
[PlyCount "61"]
[EventDate "2019.08.29"]

1. c4 e5 2. Nc3 Nf6 3. Nf3 d6 4. d4 exd4 5. Nxd4 g6 6. Bg5 Bg7 7. e3 Bd7 8. Be2
c5 9. Ndb5 Bxb5 10. Nxb5 d5 11. O-O a6 12. Nc3 d4 13. Nd5 Qd6 14. Bf4 Qd8 15.
Nc7+ Ke7 16. Nxa8 Nc6 17. Nc7 h6 18. Bf3 Qd7 19. exd4 Rc8 20. Nd5+ Nxd5 21.
Bxd5 Nxd4 22. Re1+ Kf8 23. Be5 b5 24. Bxg7+ Kxg7 25. b3 Qf5 26. Rc1 a5 27. Re7
Kh8 28. Rxf7 Qe5 29. Qd2 Qh5 30. Re1 g5 31. Qe3 1-0

[Event "Høstturneringen 2019"]
[Site "Ås, Akershus NOR"]
[Date "2019.08.29"]
[Round "1"]
[White "Heien, Aksel"]
[Black "Moberg, Jan Rune"]
[Result "0-1"]
[WhiteElo "1289"]
[BlackElo "1651"]
[PlyCount "38"]
[EventDate "2019.08.29"]

1. e4 e5 2. Nf3 d6 3. d4 Nd7 4. Bc4 c6 5. dxe5 dxe5 6. O-O Be7 7. Nc3 Ngf6 8.
Bg5 Qc7 9. Qd2 b5 10. Bd3 a6 11. a3 Bb7 12. b4 a5 13. h3 O-O 14. Rfb1 axb4 15.
axb4 Rxa1 16. Rxa1 Bxb4 17. Bxf6 Nxf6 18. Kh1 Rd8 19. Re1 Qa5 0-1

[Event "Høstturneringen 2019"]
[Site "Ås, Akershus NOR"]
[Date "2019.08.29"]
[Round "1"]
[White "Rønbeck, Bjørn"]
[Black "Petersen, Rune J"]
[Result "1-0"]
[WhiteElo "1585"]
[BlackElo "1202"]
[PlyCount "73"]
[EventDate "2019.08.29"]

1. e4 e5 2. Nf3 Nc6 3. Bb5 Nf6 4. Bxc6 bxc6 5. O-O d6 6. d3 Be7 7. b3 c5 8. Bb2
Bg4 9. Nbd2 O-O 10. Qc1 Bxf3 11. Nxf3 Ng4 12. h3 Nf6 13. Re1 Nh5 14. Bc3 Nf4
15. Bd2 Bg5 16. Nxg5 Qxg5 17. Bxf4 exf4 18. Qd1 f5 19. Qf3 fxe4 20. dxe4 Qe5
21. c3 Rf6 22. Rad1 Re8 23. Rd2 Qg5 24. Rd5 Re5 25. Rxe5 dxe5 26. b4 Ra6 27.
Ra1 cxb4 28. cxb4 Rd6 29. a3 Rd4 30. Rc1 Qd8 31. Rc5 Rd1+ 32. Kh2 Rd3 33. Qg4
Rxa3 34. Qe6+ Kh8 35. Rxe5 Rxh3+ 36. Kxh3 Qd3+ 37. Kh2 1-0

[Event "Høstturneringen 2019"]
[Site "Ås, Akershus NOR"]
[Date "2019.08.29"]
[Round "1"]
[White "Bakkerud, Balder Jonsson"]
[Black "Berg-Olsen, Henrik Seljeset"]
[Result "0-1"]
[WhiteElo "1186"]
[BlackElo "1583"]
[PlyCount "26"]
[EventDate "2019.08.29"]

1. e4 c5 2. Nf3 Nc6 3. d4 cxd4 4. Nxd4 Qb6 5. Nb3 Nf6 6. Nc3
e6 7. Be3 Qd8 8. Bc4 a6 9. a4 Bb4 10. Qd2 Nxe4 11. Qd3 Nxc3 12. bxc3 Be7 13.
O-O d5 0-1

[Event "Høstturneringen 2019"]
[Site "Ås, Akershus NOR"]
[Date "2019.09.05"]
[Round "2"]
[White "Berg-Olsen, Henrik Seljeset"]
[Black "Lea, Per"]
[Result "1/2-1/2"]
[WhiteElo "1583"]
[BlackElo "1753"]
[PlyCount "78"]
[EventDate "2019.08.29"]

1. c4 c5 2. Nc3 Nc6 3. Nf3 Nf6 4. a3 e6 5. g3 g6 6. Bg2 Bg7 7. Rb1 O-O 8. b4
cxb4 9. axb4 Rb8 10. O-O b6 11. d3 Re8 12. Nb5 d5 13. Nfd4 Nxd4 14. Nxd4 Bb7
15. Be3 Ng4 16. b5 Nxe3 17. fxe3 Bxd4 18. exd4 dxc4 19. dxc4 Bxg2 20. Kxg2 Qc7
21. Qc2 Rbc8 22. Rbc1 Qb7+ 23. Kg1 Rc7 24. Rf3 Rd8 25. Qb2 Qe4 26. Rd3 e5 27.
c5 Rxd4 28. Rxd4 Qxd4+ 29. Qxd4 exd4 30. c6 Kf8 31. Kf2 Ke7 32. Kf3 f5 33. Kf4
Kd6 34. Rc2 Kd5 35. Rc1 Kd6 36. Rc4 Kd5 37. Rc2 h6 38. h4 Kd6 39. Rc4 Kd5
1/2-1/2

[Event "Høstturneringen 2019"]
[Site "Ås, Akershus NOR"]
[Date "2019.09.05"]
[Round "2"]
[White "Andersen, Odd"]
[Black "Brenden, Torbjørn"]
[Result "0-1"]
[WhiteElo "1745"]
[BlackElo "1577"]
[Annotator "Lea,Per"]
[PlyCount "158"]
[EventDate "2019.08.29"]

1. e4 c5 2. Nf3 d6 3. h3 {ChessBase.com har faktisk 31 partier med denne
varianten!} Nc6 4. Bb5 Bd7 5. O-O e6 {Først nå er vi ute av basen} 6. d4 cxd4
7. Nxd4 a6 8. Ba4 Qc7 9. c3 Nge7 10. Bc2 Rc8 11. Be3 Nxd4 12. Bxd4 Nc6 13. Be3
b5 14. f4 Be7 15. Nd2 Bf6 16. Rc1 b4 17. Nc4 $1 O-O 18. Nxd6 bxc3 19. Nxc8 ({
Enda bedre:} 19. e5) 19... cxb2 20. Rb1 Rxc8 21. Bb3 (21. e5 $1) 21... Bc3 22.
e5 Ne7 23. Bd4 Bb5 24. Bxc3 Bxf1 25. Bxb2 Bb5 {med lik stilling} 26. Rc1 Qb6+
27. Kh2 Rd8 28. Qc2 Qe3 29. Qc7 Qxf4+ 30. Kh1 Re8 31. a4 Bxa4 32. Rd1 $2 Qb4 (
32... Bc6 $1 33. Rc1 Bxg2+ 34. Kxg2 Nf5 35. Qb7 g6 36. Ba4 Rd8 37. Rc8 Qd2+ 38.
Kf1 Rxc8 39. Qxc8+ Kg7 {Tilsynelatende kan hvit forsvare seg med løperpar mot
springer (den hvite madam'en er iøyeblikket helt off-side), men Stockfish
finner lett en vinnende fortsettelse. Men to middelaldrende herrer som svetter
over et sjakkbrett med et krus kaffe som eneste "hjelpemiddel" vil ikke så
lett finne disse variantene...}) 33. Bxa4 Qxa4 34. Rd7 (34. Rd4 {gjør at hvit
kan kjempe videre. Etter teksttrekket har svart vinststilling.}) 34... Nd5 35.
Qb7 Qf4 36. Qxa6 Qf2 37. Qc6 Ne3 ({Både} 37... Qxb2 38. Rxd5 Rb8 39. Rc5) ({og
} 37... Rf8 38. Rb7 h5 {er bedre, sistnevnte variant vurderes av Stockfish
som"lett"(?) vinst}) 38. Rd1 ({Ikke det fristende} 38. Rd2 $4 Qe1+ 39. Kh2 Nf1+
40. Kg1 Nxd2+ 41. Kh2 Rb8 {og hvit kan gi opp}) 38... Rb8 39. Rc1 h6 {
Übervorsichtig!} (39... Qxg2+ 40. Qxg2 Nxg2 41. Kxg2 (41. Ba3 Nf4 {er ikke noe
bedre}) 41... Rxb2+ 42. Kg3 h5 {bør vinne lett}) 40. Bd4 Qf4 41. Bxe3 Qxe3 42.
Qc7 Qb6 43. Qd7 Qf2 44. Rc8+ Rxc8 45. Qxc8+ Kh7 46. Qc7 Qf1+ 47. Kh2 Qf4+ 48.
Kh1 h5 49. Qc2+ Kh6 50. Qc7 f6 51. Qb8 fxe5 $2 ({Hvorfor ikke} 51... Qxe5 {og
hvit får det ekle valget mellom å spille med dronning og 2 bønder mot dronning
og 4 sammenhengende bønder, eller 2 mot 4 bønder men svart har dobeltbonde.
Begge deler er lett vunnet for svart.}) 52. Qh8+ Kg6 53. Qc8 Qf5 54. Qe8+ Kh7
55. Qd8 e4 56. Qd2 e5 57. Qe2 Kh6 58. Kg1 Qf4 59. Qa6+ g6 60. Qc8 h4 $2 {Gir
hvit motsjanser} (60... e3 {og bonden blir ikke lett å stoppe}) 61. Qh8+ Kg5
62. Qd8+ Qf6 63. Qd2+ Kf5 64. Qd7+ $2 (64. Qf2+ Kg5 65. Qd2+ Kh5 66. Qe2+ Kh6
67. Qxe4 {og hvit bør greie seg}) 64... Qe6 65. Qh7 {fra vondt til verre} (65.
Qd8 {er bedre, men svart bør vinne alikevel.}) 65... Kg5 (65... Qb6+ $1 66. Kh2
Kg5 67. Qd7 (67. Qe7+ Qf6 68. Qe8 Kh6) 67... Qf2 68. Qg4+ Kh6 69. Qc8 Qf6 70.
Qc7 e3 {Med knusende stilling, men som nevnt over: det er ikke så lett å se
alt ved brettet, plutselig kan svart gå rett inn i en evig sjakk.}) 66. Qb7 Kf4
67. Qb4 Qd5 68. Qe1 Qd4+ 69. Kh2 Kg5 70. Qe2 Kf6 (70... e3 $1) 71. Qa6+ Kg7 72.
Qe6 Kh6 73. Qc8 Qd6 74. Qg4 Qf6 75. Qe2 Qf4+ 76. Kh1 e3 77. Kg1 e4 78. Kh1 Qf2
79. Qg4 e2 0-1

[Event "Høstturneringen 2019"]
[Site "Ås, Akershus NOR"]
[Date "2019.09.05"]
[Round "2"]
[White "Larsen, Jo Ingebrigt"]
[Black "Kielland-Lund, Jon"]
[Result "1/2-1/2"]
[WhiteElo "1527"]
[BlackElo "1694"]
[PlyCount "49"]
[EventDate "2019.08.29"]

1. d4 d5 2. Bf4 Nf6 3. e3 g6 4. Nf3 Bg7 5. Nbd2 O-O 6. Bd3 c5 7. c3 cxd4 8.
exd4 Nc6 9. Qc2 Re8 10. Ne5 Nh5 11. g3 Nxf4 12. gxf4 Bh3 13. Rg1 e6 14. Ndf3
Bf5 15. O-O-O Rc8 16. Nxc6 Rxc6 17. Ne5 Rc7 18. Bxf5 exf5 19. Qd3 a6 20. Qg3
Re6 21. h4 h5 22. Kb1 b5 23. Qf3 Bxe5 24. fxe5 Kh7 25. Qg3 1/2-1/2

[Event "Høstturneringen 2019"]
[Site "Ås, Akershus NOR"]
[Date "2019.09.05"]
[Round "2"]
[White "Moberg, Jan Rune"]
[Black "Simonsen, Steinar"]
[Result "1-0"]
[WhiteElo "1651"]
[BlackElo "1500"]
[PlyCount "95"]
[EventDate "2019.08.29"]

1. Nf3 Nc6 2. d4 d5 3. g3 Nf6 4. Bg2 e6 5. O-O Be7 6. c4 dxc4 7. Nc3 O-O 8. e4
Bb4 9. Re1 Re8 10. Bg5 h6 11. Bf4 Bxc3 12. bxc3 Nh5 13. Be3 Nf6 14. Nd2 Na5 15.
Qa4 c6 16. Nxc4 b5 17. Qxa5 bxc4 18. Qa4 a5 19. Qxc6 Bd7 20. Qxc4 Rc8 21. Qd3
Ng4 22. Bd2 Nf6 23. h3 a4 24. Rab1 Qe7 25. c4 Rb8 26. e5 Nh7 27. Be4 f5 28. Bg2
Ng5 29. a3 Rec8 30. Bb4 Qe8 31. d5 exd5 32. cxd5 Qh5 33. h4 Ne4 34. e6 Bb5 35.
Qe3 Nf6 36. d6 Ng4 37. Qd2 Nf6 38. d7 Rd8 39. Be7 Nxd7 40. Bxd8 Rxd8 41. exd7
Rxd7 42. Qa2+ Kh7 43. Rxb5 Rd1 44. Rbe5 Rd8 45. Rxf5 Qg4 46. Qb1 Kh8 47. Rfe5
Qd7 48. Qg6 1-0

[Event "Høstturneringen 2019"]
[Site "Ås, Akershus NOR"]
[Date "2019.09.05"]
[Round "2"]
[White "Skaret, Runar"]
[Black "Bakkerud, Balder Jonsson"]
[Result "1/2-1/2"]
[WhiteElo "1310"]
[BlackElo "1186"]
[PlyCount "57"]
[EventDate "2019.08.29"]

1. d4 d5 2. Bf4 c5 3. c3 Bf5 4. Nf3 e6 5. e3 Nc6 6. Nbd2 Nf6 7. h3 h6 8. Ne5
Nxe5 9. Bxe5 c4 10. Qa4+ Qd7 11. Qxd7+ Nxd7 12. b3 b5 13. Bh2 Be7 14. g4 Bh7
15. Bg2 Ba3 16. O-O Bb2 17. a4 Bxa1 18. Rxa1 bxa4 19. bxc4 Nb6 20. cxd5 exd5
21. c4 Rd8 22. c5 Nc8 23. Rxa4 Rd7 24. Bf1 O-O 25. Nf3 f6 26. Nh4 Ne7 27. Bd6
Ra8 28. Bg2 Kf7 29. Nf5 Bxf5 1/2-1/2

[Event "Høstturneringen 2019"]
[Site "Ås, Akershus NOR"]
[Date "2019.09.12"]
[Round "2"]
[White "Furnes, Torstein"]
[Black "Rønbeck, Bjørn"]
[Result "0-1"]
[WhiteElo "1789"]
[BlackElo "1585"]
[PlyCount "88"]
[EventDate "2019.08.29"]

1. d4 d6 2. e4 Nf6 3. Nc3 g6 4. Nf3 Bg4 5. Be2 Nfd7 6. h3 Bxf3 7. Bxf3 Nb6 8.
O-O Bg7 9. Bf4 O-O 10. Re1 a6 11. e5 d5 12. a4 c6 13. b3 e6 14. Qd2 Nc8 15. Bh6
Ne7 16. Bg4 Nd7 17. Qf4 Qa5 18. Ne2 Kh8 19. h4 Ng8 20. Bxg7+ Kxg7 21. h5 Nh6
22. Bh3 Rac8 23. g4 Ng8 24. Ng3 Qd8 25. g5 h6 26. gxh6+ Nxh6 27. Kh2 g5 28. Qe3
Rg8 29. Qd3 g4 30. Bg2 c5 31. dxc5 Nxc5 32. Qe3 Nd7 33. Rad1 Rxc2 34. Rd4 Qh4+
35. Kg1 Rgc8 36. Rf4 R8c3 37. Qd4 Rc1 38. Rxc1 Rxc1+ 39. Bf1 Qg5 40. Kg2 Nxe5
41. Nf5+ Nxf5 42. Qxe5+ f6 43. Rxf5 Qxf5 44. Qe3 Qf3+ 0-1

[Event "Høstturneringen 2019"]
[Site "Ås, Akershus NOR"]
[Date "2019.09.12"]
[Round "2"]
[White "Thowsen, Alf Geir"]
[Black "Olsen, Trygve"]
[Result "1-0"]
[WhiteElo "1396"]
[BlackElo "1498"]
[PlyCount "141"]
[EventDate "2019.08.29"]

1. e4 c5 2. Nf3 Nc6 3. Nc3 e5 4. Bb5 Nge7 5. a3 a6 6. Bc4 h6 7. d3 Ng6 8. Be3
Nd4 9. Nd5 b5 10. Ba2 d6 11. c3 Ne6 12. Qb3 Ra7 13. Rd1 Ngf4 14. Nxf4 Nxf4 15.
Bxf4 exf4 16. h3 Be6 17. c4 Be7 18. O-O O-O 19. Qc2 Qc8 20. Kh2 f6 21. Bb1 Qc7
22. d4 Bxc4 23. e5 f5 24. Rfe1 Bd5 25. Qd2 Bxf3 26. gxf3 dxe5 27. dxe5 Bg5 28.
Qd5+ Kh8 29. e6 Raa8 30. Qd7 Qxd7 31. Rxd7 g6 32. Ba2 c4 33. Re2 Rac8 34. Ra7
Rfe8 35. Rxa6 Be7 36. Rd2 Kg7 37. Re2 Kf6 38. Rb6 Rc5 39. b4 Rd5 40. Kg2 Ra8
41. Rc2 Rxa3 42. Bxc4 bxc4 43. Rxc4 g5 44. Rc7 Rad3 45. Rbb7 g4 46. hxg4 fxg4
47. Rxe7 g3 48. Rf7+ Kg6 49. Rxf4 gxf2 50. Kxf2 Ra3 51. Kg3 Rd1 52. Rg4+ Kf6
53. e7 Re3 54. Re4 Rg1+ 55. Kf4 Rxe4+ 56. fxe4 Kf7 57. Ke5 Rg6 58. Kf5 Rg5+ 59.
Kf4 Rg6 60. e5 Rg8 61. b5 h5 62. Kf5 Re8 63. e6+ Kg7 64. Kg5 h4 65. Kxh4 Kf6
66. b6 Kxe6 67. Rc7 Kd6 68. Kg5 Rb8 69. Kf5 Rh8 70. Kf6 Rh6+ 71. Kg7 1-0

[Event "Høstturneringen 2019"]
[Site "Ås, Akershus NOR"]
[Date "2019.09.19"]
[Round "3"]
[White "Rønbeck, Bjørn"]
[Black "Moberg, Jan Rune"]
[Result "1/2-1/2"]
[WhiteElo "1585"]
[BlackElo "1651"]
[PlyCount "69"]
[EventDate "2019.08.29"]

1. e4 d6 2. d4 c6 3. Nc3 Nd7 4. Bd3 e5 5. Nf3 Be7 6. O-O Ngf6 7. Re1 Qc7 8. a4
a5 9. h3 h6 10. Be3 Nf8 11. Qd2 Rg8 12. dxe5 dxe5 13. Rad1 g5 14. Nh2 Nh5 15.
Be2 Nf4 16. Bg4 Bxg4 17. hxg4 Rg6 18. g3 Rd6 19. Qc1 Rxd1 20. Rxd1 N4g6 21. Qd2
Ne6 22. Nf1 Ngf8 23. f4 Nd7 24. Qf2 O-O-O 25. Nb1 Ndc5 26. Rxd8+ Qxd8 27. b3
Qd1 28. Nc3 Qd7 29. Nd2 f6 30. Nc4 Qc7 31. Qh2 Bf8 32. Qh5 Nd4 33. Qe8+ Qd8 34.
Nb6+ Kc7 35. Na8+ 1/2-1/2

[Event "Høstturneringen 2019"]
[Site "Ås, Akershus NOR"]
[Date "2019.09.19"]
[Round "3"]
[White "Brenden, Torbjørn"]
[Black "Berg-Olsen, Henrik Seljeset"]
[Result "0-1"]
[WhiteElo "1577"]
[BlackElo "1583"]
[Annotator "Brenden, Torbjørn"]
[PlyCount "86"]
[EventDate "2019.08.29"]

1. d4 Nf6 2. Nf3 d5 3. Bf4 Nc6 4. c3 g6 5. h3 Bg7 6. e3 a6 7. a4 O-O 8. Bd3 Re8
9. Ne5 Nxe5 10. Bxe5 Nd7 11. Bxg7 Kxg7 12. O-O e5 13. Nd2 e4 14. Be2 Qg5 15.
Kh1 f5 16. c4 Nf6 17. Qb3 f4 18. exf4 Qxf4 19. Qe3 Qh4 20. Kg1 Be6 21. Ra3 Nh5
22. cxd5 Bxd5 23. Bc4 $2 (23. Bxh5 Qxh5 24. Rc3 c6 25. Re1 {..fjerner svart
sine trusler og skaper en isolert bonde. Fritz gir +0.23 i fordel til hvit.})
23... c6 24. Bxd5 cxd5 25. Rc3 Re7 26. Rfc1 Nf4 27. Re1 $2 (27. g3 Nxh3+ 28.
Kg2 Qg4 29. Rc7 Rae8 30. f3 exf3+ 31. Nxf3 $11) 27... Rae8 28. g3 Nxh3+ 29. Kg2
Qg4 30. Rh1 Ng5 31. Rh4 Qf5 32. Rf4 $2 {Trekket som taper. Fritz gir svart
fordel på nesten 9.} Qh3+ 33. Kg1 Nf3+ 34. Nxf3 exf3 35. Rxf3 Rxe3 36. Rfxe3
Rxe3 37. Rxe3 Qd7 38. b3 Kf6 39. Kg2 Kg5 40. Re5+ Kf6 41. Re3 Qg4 42. Rf3+ Kg7
43. Rf4 Qd1 0-1

[Event "Høstturneringen 2019"]
[Site "Ås, Akershus NOR"]
[Date "2019.09.19"]
[Round "3"]
[White "Lea, Per"]
[Black "Larsen, Jo Ingebrigt"]
[Result "1/2-1/2"]
[WhiteElo "1753"]
[BlackElo "1527"]
[Annotator "Lea,Per"]
[PlyCount "50"]
[EventDate "2019.08.29"]

1. e4 d6 2. d4 Nf6 3. Nc3 Nbd7 4. Bc4 e5 5. Nf3 h6 6. h3 Be7 7. Be3 c6 8. a4
Qc7 9. Qd2 a5 10. O-O Nf8 11. Rad1 g5 12. dxe5 dxe5 13. g4 $2 ({Jeg så lenge på
} 13. Bxg5 hxg5 14. Nxg5 {men "glemte" svarts naturlige forsvarstrekk} Ne6 {
Hvis svart hadde måtte gardere f7-bonden ved spille løperen til e6, hadde hvit
fått 3 bønder for offiseren, men med alle slusene åpne mot den hvite
kongestillingen spørs det om det hadde vært en fornuftig plan.}) ({Trekk som} 
13. Ne2) (13. Nh2) (13. Rfe1 {hadde alle vært bedre}) 13... Ne6 {Om springeren
skal hit eller til g6 er en smaksak} 14. Kg2 Nf4+ 15. Bxf4 gxf4 16. Nh2 Rg8 17.
f3 {Sannsynligvis det beste trekket i stillingen, men svart står klart best}
Nh5 (17... h5 {for å få fjernet noen bønder er nok bedre}) 18. Ne2 Bh4 $2 19.
b3 ({Begge overser} 19. Qd6 {med mer eller mindre forsert dronningbytte, noe
som tar brodden av det svarte anrepet}) 19... Rg7 20. Rg1 ({Igjen var} 20. Qd6
{bedre}) 20... Qb6 $4 21. Nc1 $2 (21. Kh1 $1 {og Stockfish påstår at hvit
vinner. Men det så ingen av oss i den begynnende tidsnøden. Selv etterpå er
det ikke lett å se at alle svarts fortsettelser ender i klar fordel for hvit.}
Ng3+ (21... Bf2 22. Rg2) 22. Nxg3 fxg3 23. Qxh6 gxh2 24. Qh8+ Ke7 25. Qxh4+ f6
26. Rg2 Bd7 27. Qh6) 21... f5 $2 (21... f6 22. Nd3 $11) 22. exf5 $2 (22. Nd3
Qc7 23. exf5 Bxf5 24. Nxe5 $1 Kf8 (24... Qxe5 $2 25. Rge1) 25. Nf7 Bh7 $16)
22... Bxf5 23. Bd3 $2 (23. Qe2 Qc7 24. Nd3 {og hvit kan fortsatt kjempe}) 23...
Ng3 $2 {Svart bukker tilbake} (23... Bxd3 24. Nxd3 O-O-O $19) 24. Nf1 $2 {Og
hvit griper ikke sjansen!} (24. Rge1 {gir klar fordel for hvit}) 24... O-O-O
25. Bxf5+ $4 (25. Nxg3 Bxd3 26. Nxd3 Bxg3 $15) 25... Nxf5 {med remistilbud
siden svarts klokke viste ca 3.30. Hvit tok i mot, i den tro at angrepet var
over (og det var komplikasjonene også), så det var ingen grunn til å spekulere
i svarts dårligere tid. MenStockfish sin dom over hvits stilling er knusende:
svart står til kliss vinst!} 1/2-1/2

[Event "Høstturneringen 2019"]
[Site "Ås, Akershus NOR"]
[Date "2019.09.19"]
[Round "3"]
[White "Kielland-Lund, Jon"]
[Black "Thowsen, Alf Geir"]
[Result "1-0"]
[WhiteElo "1694"]
[BlackElo "1396"]
[PlyCount "61"]
[EventDate "2019.08.29"]

1. c4 e5 2. Nc3 Nf6 3. Nf3 Nc6 4. g3 Bc5 5. Nxe5 O-O 6. Nd3 Be7 7. Bg2 d6 8.
O-O Be6 9. b3 Re8 10. Nd5 Rb8 11. Bb2 a6 12. N3f4 Bd7 13. Rc1 Nxd5 14. Nxd5 Na7
15. e3 c6 16. Nxe7+ Rxe7 17. d4 Bf5 18. d5 f6 19. dxc6 Nxc6 20. Ba3 Rd7 21.
Qd5+ Kh8 22. Qxf5 g6 23. Qc2 Ne5 24. Rfd1 Qf8 25. Rd5 Rbd8 26. Rcd1 Nf7 27. Qc3
Qe7 28. Qd4 Kg8 29. Bh3 Ne5 30. Bg2 Nf7 31. c5 {oppgitt} 1-0

[Event "Høstturneringen 2019"]
[Site "Ås, Akershus NOR"]
[Date "2019.09.19"]
[Round "3"]
[White "Heien, Aksel"]
[Black "Andersen, Odd"]
[Result "0-1"]
[WhiteElo "1289"]
[BlackElo "1745"]
[PlyCount "110"]
[EventDate "2019.08.29"]

1. e4 c6 2. d4 d5 3. Nc3 dxe4 4. Nxe4 Nf6 5. Nxf6+ exf6 6. Nf3 Be6 7. Bd3 Bd6
8. O-O O-O 9. c4 Re8 10. Re1 Nd7 11. Qc2 Nf8 12. c5 Bc7 13. b3 Qd7 14. Bb2 Bd5
15. Rxe8 Rxe8 16. Qd1 Qg4 17. h3 Qd7 18. Be2 Bb8 19. Qd2 Be6 20. Bf1 Bd5 21.
Qd3 Qc7 22. g3 Be4 23. Qd1 h5 24. h4 Ng6 25. Bg2 Bf5 26. d5 cxd5 27. Qxd5 Ne7
28. Qd2 Qxc5 29. Rc1 Qb6 30. Bd4 Qd8 31. Rd1 Nc6 32. Bc3 Qb6 33. Nd4 Nxd4 34.
Qxd4 Qxd4 35. Rxd4 Be5 36. Rc4 Be6 37. Rc5 b6 38. Rc6 Bd7 39. Rc4 Bb5 40. Bxe5
Bxc4 41. Bc6 Rxe5 42. bxc4 Kf8 43. a4 Ke7 44. Kg2 Kd6 45. Bb5 Kc5 46. Kf3 g5
47. hxg5 fxg5 48. Ba6 f6 49. Kg2 Re4 50. Kf3 Rxc4 51. Bxc4 Kxc4 52. Ke4 a5 53.
Kf5 b5 54. axb5 Kxb5 55. Kxf6 h4 0-1

[Event "Høstturneringen 2019"]
[Site "Ås, Akershus NOR"]
[Date "2019.09.19"]
[Round "3"]
[White "Samset, Jon"]
[Black "Petersen, Rune J"]
[Result "1-0"]
[WhiteElo "1386"]
[BlackElo "1202"]
[PlyCount "111"]
[EventDate "2019.08.29"]

1. e4 c5 2. Nf3 e5 3. Nxe5 d6 4. Bb5+ Bd7 5. Nxd7 Nxd7 6. Nc3 Ngf6 7. d4 Be7 8.
Be3 a6 9. Bxd7+ Nxd7 10. Nd5 O-O 11. Qg4 Nf6 12. Nxf6+ Bxf6 13. c3 cxd4 14.
cxd4 Qa5+ 15. Bd2 Qb6 16. O-O Bxd4 17. Bh6 Rac8 18. Rab1 Rc2 19. Kh1 Kh8 20.
Bf4 Be5 21. Be3 Bd4 22. Qd1 Rc4 23. b3 Rb4 24. a3 Bxe3 25. axb4 Bg5 26. f4 Bf6
27. Qd2 Re8 28. Rfe1 g6 29. Qd5 Qxb4 30. Qxf7 Rg8 31. Qxf6+ Rg7 32. Rec1 h5 33.
Rc8+ Kh7 34. h4 Qxe4 35. Rbc1 Qe7 36. Qxe7 Rxe7 37. R8c7 Rg7 38. Rxg7+ Kxg7 39.
Rc7+ Kf6 40. Rxb7 Kf5 41. g3 d5 42. Rb6 d4 43. Rxa6 d3 44. b4 Ke4 45. b5 d2 46.
Rd6 Ke3 47. Rxd2 Kxd2 48. b6 Ke3 49. Kg2 Ke4 50. b7 Kf5 51. b8=Q Kf6 52. Qf8+
Ke6 53. Qh6 Kf5 54. Qg5+ Ke4 55. Qxg6+ Kd4 56. Qe6 1-0